Alteraciones de la fertilidad de los suelos : el halomorfismo, la acidez, el hidromorfismo y las inundaciones /

Guardado en:
Autor Principal: Taboada, Miguel A.
Formato: Libro
Publicado: Buenos Aires : Universidad de Buenos Aires. Facultad Agronomía, 2009
Materias:
Etiquetas: Agregar Etiqueta
Sin Etiquetas, Sea el primero en etiquetar este registro!
LEADER 01798nam a22003135a 4500
001 CEM.cems017855
005 20181004164949.0
008 130507s2009##################000#0#####d
003 CEMS
020 |a 9789502911625 
082 0 4 |a 631.42 
100 1 |a Taboada, Miguel A. 
245 1 0 |a Alteraciones de la fertilidad de los suelos :  |b el halomorfismo, la acidez, el hidromorfismo y las inundaciones /  |c Editado Por Miguel A. Taboada y Raúl S. Lavado 
260 |a Buenos Aires :  |b Universidad de Buenos Aires. Facultad Agronomía,  |c 2009 
300 |a 160 p. 
505 0 |a Alteraciones de la fertilidad del suelo causadas por halomorfismo / Raúl S. Lavado y Miguel A. Taboada -- Salinización y sodificación de suelos de producción agrícola extensiva por riego complementario / Raúl S. Lavado -- Acidez del suelo / Carina R. Álvarez y Gerardo Rubio -- Alteraciones de la fertilidad causadas por hidromorfismo edáfico / Miguel A. Taboada -- Inundaciones en la Región Pampeana. Consecuencias sobre los suelos / Miguel A. Taboada ; Francisco Damiano y Raúl S. Lavado -- Estudio de caso: ordenamiento ambiental de la planicie costera bonaerense en el partido de Geneal Lavalle / Francisco Damiano -- Contaminación de suelos de la Región Pampeana con elementos potencialmente tóxicos / Raúl S. Lavado 
653 |a Suelos 
653 |a Suelos-fertilidad 
653 |a Suelos-acidez 
653 |a Suelos-halomorfismos 
653 |a Suelos-salinidad 
653 |a Suelos-hidromorfismos 
653 |a Suelos hídricos 
653 |a Suelos anegados 
653 |a Suelos inundables 
653 |a Contaminación de suelos-región pampeana 
653 |a Suelos-contaminación 
653 |a Contaminación aire, agua, tierra 
859 |a CEMS  |b BIB. CEMS - Agricultura  |h 631.42  |i T114  |p A1602.12  |t Ej.1